000
00250nam a22000977a 4500
999
_c
11609
_d
11609
008
190820b ||||| |||| 00| 0 eng d
020
_a
9780143038252
100
_a
Mortenson Greg
_9
4666
245
_a
Three Cups Of Tea
260
_a
USA
_b
Penguin Books
_c
2006